Southville International School and Colleges
Your cart is empty.
  • Cart
  • Lists
    Public lists Eva Luna New books Lux_list list_1
    Your lists Log in to create your own lists
  • Log in to your account
  • Your cookies
  • Search history
Southville International School and Colleges
  • Advanced search
  • Recent comments
  • Most popular
  • Libraries

Log in to your account

Log in with GOOGLE


If you do not have an external account, but do have a local account, you can still log in:

  1. Home
  2. MARC view: Essentials of investments in the Philippine capital market :
Normal view MARC view ISBD view

Essentials of investments in the Philippine capital market : (Record no. 276934)

[ view plain ]
MARC details
000 -LEADER
fixed length control field 00799cam a2200217 a 4500
003 - CONTROL NUMBER IDENTIFIER
control field SISC
005 - DATE AND TIME OF LATEST TRANSACTION
control field 20141211143803.0
008 - FIXED-LENGTH DATA ELEMENTS--GENERAL INFORMATION
fixed length control field 141117s ph 000 0 eng d
020 ## - INTERNATIONAL STANDARD BOOK NUMBER
International Standard Book Number 9789719222194
050 00 - LIBRARY OF CONGRESS CALL NUMBER
Classification number HG 5762
Item number .Sa22 2007
100 1# - MAIN ENTRY--PERSONAL NAME
Personal name Santos, Rhoderick R.
245 10 - TITLE STATEMENT
Title Essentials of investments in the Philippine capital market :
Statement of responsibility, etc Rhoderick R. Santos ; Aquino [and thirteen others], contributors.
Remainder of title workbook /
250 ## - EDITION STATEMENT
Edition statement 2nd edition.
260 ## - PUBLICATION, DISTRIBUTION, ETC. (IMPRINT)
Place of publication, distribution, etc Las Piñas City, Philippines :
Name of publisher, distributor, etc Southville International School and Colleges,
Date of publication, distribution, etc c2007.
300 ## - PHYSICAL DESCRIPTION
Extent 184 pages :
Other physical details illustrations ;
Dimensions 26 cm.
521 ## - TARGET AUDIENCE NOTE
Target audience note Business Administration
650 #0 - SUBJECT ADDED ENTRY--TOPICAL TERM
Topical term or geographic name as entry element Investments
Geographic subdivision Philippines.
650 #0 - SUBJECT ADDED ENTRY--TOPICAL TERM
Topical term or geographic name as entry element Capital market
Geographic subdivision Philippines.
650 #0 - SUBJECT ADDED ENTRY--TOPICAL TERM
Topical term or geographic name as entry element Finance
Geographic subdivision Philippines.
942 ## - ADDED ENTRY ELEMENTS (KOHA)
Source of classification or shelving scheme Library of Congress Classification
Koha item type Books
Call number prefix Filipininana
Holdings
Withdrawn status Lost status Source of classification or shelving scheme Damaged status Home library Current library Shelving location Date acquired Source of acquisition Total Checkouts Full call number Barcode Date last seen Price effective from Koha item type
    Library of Congress Classification   College Library College Library Filipiniana Section 12/11/2014 Library Fund   HG 5762 .Sa22 2007 C19047 05/08/2018 12/11/2014 Books

Essentials of investments in the Philippine capital market :

APA

Santos R. R., . (2007). Essentials of investments in the Philippine capital market. Las Piñas City, Philippines: Southville International School and Colleges.

Chicago

Santos Rhoderick R, . 2007. Essentials of investments in the Philippine capital market. Las Piñas City, Philippines: Southville International School and Colleges.

Harvard

Santos R. R., . (2007). Essentials of investments in the Philippine capital market. Las Piñas City, Philippines: Southville International School and Colleges.

MLA

Santos Rhoderick R, . Essentials of investments in the Philippine capital market. Las Piñas City, Philippines: Southville International School and Colleges. 2007.

  • Place hold
  • Print
  • Cite
  • Add to your cart (remove)
  • Save record
    BIBTEX Dublin Core MARCXML MARC (non-Unicode/MARC-8) MARC (Unicode/UTF-8) MARC (Unicode/UTF-8, Standard) MODS (XML) RIS
  • More searches
    Search for this title in:
    Other Libraries (WorldCat) Other Databases (Google Scholar) Online Stores (Bookfinder.com) Open Library (openlibrary.org)

Exporting to Dublin Core...

SOUTHVILLE LIBRARY

Southville International School and Colleges Library

1281 Tropical Ave. Cor. Luxembourg St., BF Homes International, Las Pinas City

Tel. No. 8256374 / 252358 Loc. 117/146

Powered by Koha